Toutes les équipes de ligue 1 - Statistiques

Statistiques générales
  • Ce quiz a été pris 232 fois
  • Le résultat moyen est 42 sur 75
Statistiques - réponses
Clubs Saison(s) % Correct
Olympique de Marseille 73
99%
Olympique Lyonnais 65
97%
Girondins de Bordeaux 69
95%
Lille OSC 63
95%
AS Saint-Etienne 69
94%
FC Nantes 55
94%
Stade Rennais 66
92%
Olympique lillois 7
91%
AS Monaco 64
90%
OGC Nice 64
90%
Toulouse FC 33
90%
Paris SG 50
89%
Toulouse FC1937-67 19
89%
RC Lens 61
88%
Stade Brestois 17
87%
RC Strasbourg 62
85%
Montpellier HSC 41
84%
Paris FC 3
84%
FC Metz 63
83%
CA Paris 2
81%
Clermont Foot 2
81%
SCO Angers 31
81%
Stade de Reims 38
80%
AC Ajaccio 14
79%
FC Lorient 16
79%
Le Havre AC 24
79%
SM Caen 18
79%
AJ Auxerre 33
78%
GFC Ajaccio 1
78%
SC Bastia 34
77%
ES Troyes AC 19
73%
Nïmes Olympique 36
72%
SC Nimes 3
72%
AS Nancy lorraine 30
71%
FC Sochaux 66
71%
FC Nancy 15
70%
Dijon FCO 6
66%
Amiens SC 3
64%
Grenoble Foot 4
64%
Valenciennes FC 33
62%
Thonon Evian FC 4
57%
FC Rouen 19
54%
CS Sedan Ardennes 23
51%
Le Mans FC 6
49%
En Avant Guingamp 13
48%
Sporting Toulon 12
48%
Red Star 16
46%
Stade lavallois 13
46%
Tours FC 4
45%
AS Cannes 22
42%
Chamois Niortais 1
39%
FC Sète 16
37%
AC Arlésien 1
36%
US Boulogne 1
34%
Berrichonne Chateauroux 1
32%
CO Roubaix 10
30%
Istres FC 1
30%
RC Roubaix 3
30%
AC Avignon 1
28%
Limoges Football 3
26%
FC Mulhouse 6
24%
FC Martigues 3
22%
SR Colmar 1
18%
AS Aix 1
15%
AS Beziers 1
14%
FC Gueugnon 1
13%
Angoulême CFC 3
8%
Stade Français 15
8%
Hyères FC 1
7%
Olympique d'Alès 6
7%
FC Antibes 7
5%
SC Fivois 7
2%
Club Français 1
1%
Excelsior AC 7
1%
Racing FC 30
1%
Aucun quiz correspondant
Distribution des résultats
% des personnes avec chaque résultat
Percentile par nombre de réponses
Votre historique - résultats
Vous n’avez pas pris ce quiz